000 00564nam a22001697a 4500
005 20240122084730.0
008 240122b |||||||| |||| 00| 0 eng d
020 _a0409003301 ; 0409003883
041 _aEnglish
082 _a349 JOU
100 _aJoubert, WA and Scott, TJ
_lEnglish
245 _aThe Law of South Africa : Trade Marks /
_cWA Joubert and TJ Scott
260 _aDurban :
_bButterworth and Publishers (Pty) Ltd,
_c1995
300 _b155 pages ;
_c26 cm.
650 _aLegal practice
_bLaw
942 _cBK
_6ALISON_BN_VRIES
999 _c1265
_d1265